New developments in gas chromatography /

Guardado en:
Otros Autores: Purnell, Howard. (Editor , ed.), Conder John R. (Contribuidor)
Formato: Libro
Idioma:English
Publicado: New York : Wiley, c1973.
Series:Advances in analytical chemistry and instrumentation ; v. 11
Materias:
Etiquetas: Agregar Etiqueta
Sin Etiquetas, Sea el primero en etiquetar este registro!
LEADER 00941pam a22002415a 4500
001 EIQ.libpla000873
008 730320s1973####nyua#####b####001#0#eng#d
005 20060609184854.0
245 0 0 |a New developments in gas chromatography /  |c edited by Howard Purnell ; Contributors John R. Conder ... [et al.]. 
260 |a New York :  |b Wiley,  |c c1973. 
300 |a vii, 408 p. :  |b il. ;  |c 23 cm. 
440 0 |a Advances in analytical chemistry and instrumentation ;  |v v. 11 
504 |a Incluye referencias bibliográficas e índices. 
020 |a 0471702412 
700 1 |a Purnell, Howard.  |q (John Howard),  |e ed.  |4 edt 
700 1 |a Conder John R.  |4 ctb 
082 0 0 |a 543/.008 s  |a 544/.926 
650 4 |a Gases  |x Cromatografía. 
650 4 |a Gas  |x Chromatography. 
010 |a  73004772  
040 |a DLC  |c DLC  |d AR-BbSID 
859 |a AR-BbSID  |b BIB. PLAPIQUI  |h 544.926  |i N 42  |p 563  |t Ej. 1  |v Ej. 1 
859 |a AR-BbSID  |b BIB. PLAPIQUI  |h 544.926  |i N 42  |p 578  |t Ej. 2  |v Ej. 2